Biblioteca

Distintivos denominacionales - 1996 / Eliasib Cotera Oliveros... [et. al.] (Registro nro. 42956)

Detalles MARC
000 -LÍDER
Campo fijo de descripción fija 006410000a22001330004500
041 0# - CÓDIGO DE IDIOMA
Código de idioma para texto/pista de sonido o título separado
082 04 - NÚMERO DE CLASIFICACIÓN DECIMAL DEWEY
Número de clasificación G 261.91 D41322d
001 - NÚMERO DE CONTROL
Campo de control 14043
245 10 - TÍTULO
Título del Material Distintivos denominacionales - 1996 / Eliasib Cotera Oliveros... [et. al.]
260 ## - PUBLICACIÓN, DISTRIBUCIÓN, ETC. (PIE DE IMPRENTA)
Lugar de publicación, distribución, etc. Medellín, Colombia : Seminario Bíblico de Colombia
300 ## - DESCRIPCIÓN FÍSICA
Extensión [pag. varía]
505 00 - NOTA DE CONTENIDO
Nota de contenido con formato preestablecido Distintivos denominacionales de las iglesias : A.I.E.C., Alianza Cristiana y Misionera en Perú, Confraternidad Cristiana de Colombia, Cruzada Cristiana Jesucristo es el Señor, Interamericanas de Colombia, Panamericana, Presbiteriana, Cumberland, Unión misionera evangélica Colombiana.
942 ## - TIPO DE MATERIAL (KOHA)
Tipo de Item KOHA Libros General
Existencias
Estado de Material Estado de Perdido Forma de Clasificación Estado de Dañado No para Préstamo Colección Tomo Biblioteca de Origen Biblioteca Permanente Fecha de Adquisición Total de Préstamos Signatura Topográfica Código de Barras Última vez visto Ejemplar/Existencia Fecha de Remplazo Tipo de Material
    Dewey Decimal Classification     Colección de Referencia   Biblioteca FUSBC Biblioteca FUSBC 08/09/2006   G 261.91 D41322d 16344 31/05/2025 1 26/01/2016 Libros de Referencia

Biblioteca FUSBC | Teléfono: (57+4) 349 88 10 Ext. 141| WhatsApp (+57) 3005338115 
E-mail: biblioteca@unisbc.edu.co | Calle 76 87-14 Robledo Palenque, Medellín, Colombia

Con tecnología Koha